000 00699nam a2200253Ia 4500
003 OSt
005 20220918203756.0
006 a|||||r|||| 00| 0
007 ta
008 220917b |||||||| |||| 00| 0 eng d
024 _a109,788
037 _cTextual
040 _aARTS
_cARTS
_beng
041 _2eng
_aeng
082 _aV467:71.N, M0
100 _aLloyd Seton
_952782
245 0 _aFoundations in the dust
_b The story of Mesopotamian exploration
260 _aLondon
_bThames and Hudson
_c1980
300 _a216p. illus
_ccm.
500 _aBibliography p211-212
650 _aHISTORY
942 _hV467:71.N, M0
_cTEXL
_2CC
999 _c233138
_d233138